Statistiques concernant Guerres par images

Cliquez ici pour prendre le quiz!

Statistiques générales

  • Ce quiz a été pris 222 fois
  • Le résultat moyen est 6 sur 12

Statistiques - réponses

Réponse% Correct
Guerre du Viêt Nam
80%
Guerres napoléoniennes
72%
Seconde Guerre mondiale
69%
Guerre d'Afghanistan
67%
Première Guerre mondiale
59%
Guerre de Sécession
58%
Guerre du Golfe
46%
Guerre de Corée
43%
Guerres puniques
30%
Guerre d'Espagne
24%
Guerre des Malouines
12%
Première révolution anglaise
4%

Distribution des résultats

Percentile par nombre de réponses

% des personnes avec chaque résultat

Votre développement - résultats

Vous n’avez pas pris ce quiz